10 economistas colombianos : (Registro nro. 4843)

Detalles MARC
000 -LEADER
fixed length control field 01386nam a2200277Ia 4500
003 - CONTROL NUMBER IDENTIFIER
control field OSt
005 - DATE AND TIME OF LATEST TRANSACTION
control field 20200527113306.0
008 - FIXED-LENGTH DATA ELEMENTS--GENERAL INFORMATION
fixed length control field 191128s2015 ck gr 000 0dspa d
020 ## - INTERNATIONAL STANDARD BOOK NUMBER
International Standard Book Number 9789587751741
040 ## - CATALOGING SOURCE
Original cataloging agency CO-JMCR
Transcribing agency CO-JMCR
041 0# - LANGUAGE CODE
Language code of text/sound track or separate title spa
082 04 - DEWEY DECIMAL CLASSIFICATION NUMBER
Classification number 330.0929861 /
Item number D243e
Edition number 23
100 1# - MAIN ENTRY--PERSONAL NAME
Personal name Delgado Gómez, Carlos Alfonso,
Relator term autor
9 (RLIN) 4709
245 10 - TITLE STATEMENT
Title 10 economistas colombianos :
Remainder of title vida, obra y pensamiento /
Statement of responsibility, etc. Carlos Alfonso Delgado Gómez
250 ## - EDITION STATEMENT
Edition statement Primera edición
260 ## - PUBLICATION, DISTRIBUTION, ETC.
Place of publication, distribution, etc. Bogotá :
Name of publisher, distributor, etc. Universidad Nacional de Colombia,
Date of publication, distribution, etc. 2015
300 ## - PHYSICAL DESCRIPTION
Extent 241 páginas ;
Dimensions 24 cm.
490 0# - SERIES STATEMENT
Series statement Colección 60 años FCE
500 ## - GENERAL NOTE
General note Incluye bibliografía al final de cada capítulo.
505 ## - FORMATTED CONTENTS NOTE
Formatted contents note Miguel Urrutia Montoya -- Eduardo Sarmiento Palacio -- Absalom Machado Cartagena -- Alberto Corchuelo -- Salomón Kalmanovitz -- Homero Cuevas Triana -- Jorge Iván González B. -- Fernando Tenjo Galarza -- Consuelo Corredor Martínez
520 ## - SUMMARY, ETC.
Summary, etc. Es una visión acerca del desarrollo social del pensamiento en economía en Colombia, en dónde se destacan a través de entrevistas - conversación los procesos que cada autor despliega en la consolidación de una formación teórica.
650 14 - SUBJECT ADDED ENTRY--TOPICAL TERM
Topical term or geographic name entry element Economistas colombianos
Geographic subdivision Colombia
9 (RLIN) 4710
650 24 - SUBJECT ADDED ENTRY--TOPICAL TERM
Topical term or geographic name entry element Biografías Economía
Geographic subdivision Colombia
9 (RLIN) 4711
650 24 - SUBJECT ADDED ENTRY--TOPICAL TERM
Topical term or geographic name entry element Pensamiento económico
Geographic subdivision Colombia
9 (RLIN) 4712
942 ## - ADDED ENTRY ELEMENTS (KOHA)
Source of classification or shelving scheme Dewey Decimal Classification
Koha item type Books
Existencias
Withdrawn status Lost status Source of classification or shelving scheme Materials specified (bound volume or other part) Damaged status Not for loan Home library Current library Shelving location Date acquired Source of acquisition Cost, normal purchase price Total Checkouts Full call number Barcode Date last seen Copy number Price effective from Koha item type
    Dewey Decimal Classification Donación--15/04/2018--     Biblioteca Pública José María del Castillo y Rada Biblioteca Pública José María del Castillo y Rada General Stacks 11/28/2019 Donación 0.00   330.0929861 / D243e 430000746 05/16/2024 Ej.1 11/28/2019 Books